Normal view
MARC view
- Pérez-Portabella, Francisco Javier
Entry Nombre Personal
001 - NUMERO DE CONTROL
- campo de control: 29796
003 - IDENTIFICADOR DE NUMERO DE CONTROL
- campo de control: UPN
005 - FECHA Y HORA DE LA ÜLTIMA TRANSACCIÓN
- campo de control: 20210219194407.0
008 - DATOS DE LONGITUD FIJA
- campo de control de longitud fija: nabaccnnaabn|||||||||| b |nc|||||d
035 ## - NUMERO DE CONTROL
- Número de control: UPN11000001902
040 ## - FUENTE DE CATALOGACIÓN
- Lenguaje de catalogación: SPA
- Agencia de transcripción: UPN
100 1# - ENCABEZAMIENTO - NOMBRE PERSONAL
- Nombre personal: Pérez-Portabella, Francisco Javier
670 ## - FUENTE EN LA QUE SE LOCALIZARON DATOS
- Cita de la fuente: Biblioteca Nacional España
- Información localizada: Ejercicios temporales-III
902 ## - CATALOGADOR
- Catalogador: DAA/040808
